| 000 | 00722nam a2200241Ia 4500 | ||
|---|---|---|---|
| 003 | OSt | ||
| 005 | 20220926023626.0 | ||
| 006 | a|||||r|||| 00| 0 | ||
| 007 | ta | ||
| 008 | 220923b |||||||| |||| 00| 0 eng d | ||
| 020 | _a9789382902119 | ||
| 037 | _cGeneral Book | ||
| 040 |
_aRTL _cRTL _beng |
||
| 041 |
_2eng _aeng |
||
| 082 | _aY11-49:3(T).49G.P, Q3 | ||
| 100 |
_aNath Philip A _9329356 |
||
| 245 | 0 | _aChild labour and legislative framework | |
| 260 |
_aNoida _bV V Giri National Labour Institute _c2013 |
||
| 300 |
_av,26p _ccm. |
||
| 500 | _aAppendix - 550-565p; Bibliography - Chapterwise | ||
| 942 |
_hY11-49:3(T).49G.P, Q3 _cGB _2CC |
||
| 999 |
_c641980 _d641980 |
||